| 000 | 00664nam a2200181Ia 4500 | ||
|---|---|---|---|
| 008 | 090124s9999 xx 000 0 und d | ||
| 082 | _b3609 | ||
| 100 | _aपटवर्धन प्रा. माधव त्रि. | ||
| 245 | _a छन्दोरचना | ||
| 250 | _a0 | ||
| 260 |
_b"कर्नाटक पब्लिशिंग हाऊस,मुंबई2" _c1937 |
||
| 300 | _a598 | ||
| 600 | _aपटवर्धन प्रा. माधव त्रि. | ||
| 630 | _a छन्दोरचना | ||
| 700 | _aपटवर्धन प्रा. माधव त्रि. | ||
| 730 | _a छन्दोरचना | ||
| 942 | _cBOOK | ||
| 999 |
_c83280 _d83280 |
||